000 02048nam a2200265Ii 4500
008 221202s xx 000 0 und d
100 1 _aBotting, Jack,
_eauthor
245 0 _aAnimals and Medicine
246 _aThe Contribution of Animal Experiments to the Control of Disease
264 _bOpen Book Publishers
_c2015
300 _a1 online resource (244 pages)
336 _atext
_btxt
_2rdacontent
337 _acomputer
_bc
_2rdamedia
338 _aonline resource
_bcr
_2rdacarrier
520 _aAnimals and Medicine: The Contribution of Animal Experiments to the Control of Disease offers a detailed, scholarly historical review of the critical role animal experiments have played in advancing medical knowledge. Laboratory animals have been essential to this progress, and the knowledge gained has saved countless lives-both human and animal. Unfortunately, those opposed to using animals in research have often employed doctored evidence to suggest that the practice has impeded medical progress. This volume presents the articles Jack Botting wrote for the Research Defence Society News from 1991 to 1996, papers which provided scientists with the information needed to rebut such claims. Collected, they can now reach a wider readership interested in understanding the part of animal experiments in the history of medicine-from the discovery of key vaccines to the advancement of research on a range of diseases, among them hypertension, kidney failure and cancer. This book is essential reading for anyone curious about the role of animal experimentation in the history of science from the nineteenth century to the present.
653 _aAnimal Experiments
653 _aCancer Research
653 _aLaboratory Animals
653 _aSurgery
653 _aTransplants
700 1 _aBotting, Regina
700 1 _aR. Morrison, Adrian
856 _uhttps://docs.google.com/spreadsheets/d/1yKIrdCPDAG_9c22mwoOIO2DOhtj65Wqa/edit?usp=sharing&ouid=106555315294820607512&rtpof=true&sd=true
_yList of Curated E-Books
942 _cE-BOOK
999 _c91676
_d91673